Communist Leaders Match-Up Quiz Stats

 Plays Quiz Updated Jun 13, 2015

Challenge
Share
Tweet
Score 0/23 Timer 04:00
7 Plays Today
% Correct
Fidel Castro
98.3%
Joseph Stalin
98.1%
Mao Zedong
97.2%
Kim Il Sung
96.9%
Ho Chi Minh
96.3%
Pol Pot
89%
Walter Ulbricht
77.7%
Nicolae Ceaușescu
77.7%
Josip Broz Tito
76.6%
Władysław Gomułka
73.1%
Gustáv Husák
61%
Ali Nasir Muhammad
57.6%
% Correct
Mohammad Najibullah
57.3%
Todor Zhivkov
55.5%
Mátyás Rákosi
50.6%
Enver Hoxha
48.7%
Mengistu Haile Mariam
47.2%
Marien Ngouabi
43%
Kaysone Phomvihane
41.5%
Gonchigiin Bumtsend
35.5%
Agostinho Neto
29.4%
Siad Barre
28.2%
Mathieu Kérékou
22.8%

You're not logged in!

Compare scores with friends on all Sporcle quizzes.
OR
Log In

You Might Also Like...

Show Comments

Extras

Top Quizzes Today


Score Distribution

Your Account Isn't Verified!

In order to create a playlist on Sporcle, you need to verify the email address you used during registration. Go to your Sporcle Settings to finish the process.

Report this User

Report this user for behavior that violates our Community Guidelines.

Details: